000 01075nam a22002297a 4500
999 _c12076
_d12076
003 AR-CdUCM
008 190405b ||||| |||| 00| 0 spa d
040 _aMUNICIPALIDAD PROVINCIAL DEL CUSCO
_cBIBLIOTECA MUNICIPAL DEL CUSCO
041 _hger
082 _a371 /
_bD579 / 1940
_23ed.
100 _aDilthey, Wilhelm
_911114
245 _aFundamentos de un sistema de pedagogía /
260 _aBuenos Aires :
_bLosada,
_c1940.
300 _a178 páginas ;
_c19 cm.
440 _aBiblioteca del maestro
_n3
_915157
505 _aContenido: La inconsistencia de los sistemas predominantes de pedagogía, que buscan principios de validez general para la educación de todos los pueblos y de todas las épocas -- De la propiedad en la conexión de la vida anímica por la cuales son posibles reglas, normas, desarrollo y su exposición en las ciencias del espíritu. Fundamentación psicológica positiva ...
650 _aEducacion
_9460
650 _aFilosofía
_9395
700 _aLuzuriaga, Lorenzo (traductor)
_99920
942 _2ddc
_cLIBROS
945 _acmm
_d2019-04-05